| 000 | 00393 a2200157 4500 | ||
|---|---|---|---|
| 001 | 57996 | ||
| 082 | _a621.3 HAY | ||
| 090 |
_c35511 _d35511 |
||
| 100 |
_aHayt, W H _aJohn A Buck |
||
| 245 | _aEngineering electromagnetics, 7 /e | ||
| 250 | _a7 | ||
| 260 |
_aNew Delhi _bTata McGraw-Hill Pub Company Ltd _c2006 |
||
| 300 | _ewith CD | ||
| 500 | _aBE Avionics textbook | ||
| 505 | _aCD/DVD | ||
| 942 |
_aNUST-CAE _k621.3 HAY |
||
| 999 |
_c293069 _d293069 |
||